000 00360nam a2200145Ia 4500
005 20240807062441.0
008 240806s9999||||xx |||||||||||||| ||eng||
041 _aeng
100 _aKrishn Mohan Shastri
245 0 _aRamvangamnam /
_cKrishn Mohan Shastri
260 _bChowkhamba Sanskrit Series Banaras
300 _a0
650 _aSanskrit
942 _cBK
999 _c19342
_d19342